Online
Catalog

Vida y obra del Padre Rafael C. Castellanos / (Record no. 31182)

MARC details
000 -CABECERA
campo de control de longitud fija 00809nam a2200205 a 4500
001 - NÚMERO DE CONTROL
campo de control 000031690
005 - FECHA Y HORA DE LA ÚLTIMA TRANSACCIÓN
campo de control 20240520190011.0
008 - DATOS DE LONGITUD FIJA--INFORMACIÓN GENERAL
campo de control de longitud fija 110630s1975 dr 000 0 spa d
040 ## - FUENTE DE LA CATALOGACIÓN
Centro catalogador/agencia de origen DO-SdBNP
Lengua de catalogación spa
Centro/agencia transcriptor BNPHU
082 ## - NÚMERO DE LA CLASIFICACIÓN DECIMAL DEWEY
Número de clasificación 291.092
Número de documento/Ítem C348F
049 ## - FONDOS LOCALES (OCLC)
Fondos de biblioteca BNPD
100 1# - ENTRADA PRINCIPAL--NOMBRE DE PERSONA
Nombre de persona Pepén, Juan F.
Forma completa/desarrollada del nombre (Juan Felix)
9 (RLIN) 13174
245 10 - MENCIÓN DE TÍTULO
Título Vida y obra del Padre Rafael C. Castellanos /
Mención de responsabilidad, etc. Juan Felix Pepen.
260 ## - PUBLICACIÓN, DISTRIBUCIÓN, ETC.
Lugar de publicación, distribución, etc. Santo Domingo :
Nombre del editor, distribuidor, etc. Arzobispado de Santo Domingo,
Fecha de publicación, distribución, etc. 1975.
300 ## - DESCRIPCIÓN FÍSICA
Extensión 17 p. ;
Dimensiones 22 cm.
500 ## - NOTA GENERAL
Nota general Conferencia pronunciada en la Biblioteca Nacional con ocasión del primer centenario de su nacimiento, 6 de agosto de 1975.
600 14 - PUNTO DE ACCESO ADICIONAL DE MATERIA--NOMBRE DE PERSONA
Nombre de persona CASTELLANOS MARTÍNEZ, RAFAEL CONRADO,
Títulos y otros términos asociados al nombre PADRE,
Fechas asociadas al nombre 1875-1932
9 (RLIN) 44437
650 #0 - PUNTO DE ACCESO ADICIONAL DE MATERIA--TÉRMINO DE MATERIA
Término de materia o nombre geográfico como elemento de entrada Clero
9 (RLIN) 19068
650 #4 - PUNTO DE ACCESO ADICIONAL DE MATERIA--TÉRMINO DE MATERIA
Término de materia o nombre geográfico como elemento de entrada Iglesia católica
Subdivisión geográfica República Dominicana
Subdivisión general Historia
9 (RLIN) 358
Holdings
Estado de retiro Estado de pérdida No para préstamo Código de colección Localización permanente Ubicación/localización actual Ubicación en estantería Fecha de adquisición Número de inventario Total de préstamos Signatura topográfica completa Código de barras Fecha visto por última vez Precio válido a partir de Tipo de ítem Koha
    Excluido de préstamo Patrimonio Dominicano Patrimonio Dominicano Patrimonio Dominicano En catalogación 30.06.2011 LF1   291.092 C348F 31690-10 25.06.2020 25.06.2020 Libro y Folleto Colección Patrimonio Dominicano

Powered by Koha